=LDR 00000nam 2200000 4500 =001 INLIS000000000049750 =005 20170327085053.0 =006 =007 =008 =020 ##$$a 979-3678-07-0 =035 ##$$0010-031700000000195 =040 ##$$a NBPDMAT =082 ##$$a 793.307 =090 ##$$a 793.307 Dib t =100 ##$$a Dibya, I Wayan =245 ##$$a Tari komunal : buku pelajaran kesenian nusantara untuk kelas XI $c I Wayan Dibya, FX Widaryanto, Endo Suanda =260 ##$$a Jakarta $b Lembaga Pendidikan Seni Nusantara $c [20..?] =300 ##$$a viii, 280 hlm. $b ilus $c 24 cm. =500 ##$$a Biografi : 278 - 280 =650 ##$$a Seni Tari - Studi dan Pengajaran =700 ##$$a FX Widaryanto =700 ##$$a Endo Suanda =850 ##$$a NBPDMAT